Datum a čas kvízu
33
Celkem bodů
Celkový počet nahraných bodů na tomto kvízu bez doplňovacích otázek.
7.
Pořadí na kvízu
Konečné umístění týmu na tomto kvízu.
Zaznamenané odpovědi
| # | Otázka | Odpověď | Body | Výsledky |
|---|---|---|---|---|
| 1. | Která postava má svou sněhovou... | Krakonoš | 1 | |
| 2. | Kterou část lidského těla může... | penis | 1 | |
| 3. | 78 dní byla na vrcholu žebříčk... | Stranger Things | 1 | |
| 4. | Na technologickém veletrhu CES... | Tamagoči | 1 | |
| 5. | Minulý týden proběhl nejdražší... | Matyáš Vojta | 1 | |
| 6. | Frank Lloyd Wright bývá označo... | Guggenheimovo muzeum | 0 | |
| 7. | Seřaďte uvedené události od té... | 1A 2B 3D 4C | 0 | |
| 8. | Jak se jmenuje tato americká h... | Beastie Boys; No Sleep till Brooklyn | 0 | |
| 9. | Turisté v NYC míří nejen do di... | 1C 2B 3A 4D | 1 | |
| 10. | Jak se jmenuje fiktivní město,... | Gotham (City); Bronx | 0.5 |